000 00756nac a22001811u 4500
020 _a8177641883
082 _a620.522
_bG9592
090 _c3512
_d3512
100 _aGuota, Shant P.
245 _aSolid state phase transformation \
_cShant P. Guota
260 _aNew Delhi :
_bAllied Publishers Private Limited ,2002
_c2002
600 _aGuota, Shant P.
650 _aPhase transformations
650 _aSolid state transformation
942 _cBB
_k620.522G9592
999 _c3512
_d3512